00409 a2200157 4500003000500000005001700005040000900022082001300031100002200044245006700066250001200133260002300145300001100168650003600179651003600215Nust20170207171611.0 cNust a621.3824 aL. Volakis, John  aAntenna Engineering Hand Book (E-BOOK)cDr Johna L. Volakis  b4th ed  aMcGraw Hill c2007 a1755 p aAntenna Engineering Hand Book  aAntenna Engineering Hand Book